[Event "MCR mladeze v rapidu 2019"]
[Site "Trest"]
[Date "2019.09.07"]
[Round "2"]
[White "Jackovicova, Zuzana"]
[Black "Dudkova, Josefina"]
[Result "0-1"]
[BlackElo "1407"]
[WhiteElo "1178"]
[LiveChessVersion "1.4.8"]

1. e4 {[%clk 0:20:08]} c5 {[%clk 0:20:04]} 2. Nf3 {[%clk 0:20:10]} d6
{[%clk 0:20:07]} 3. d4 {[%clk 0:20:11]} cxd4 {[%clk 0:20:10]} 4. Nxd4
{[%clk 0:20:13]} Nf6 {[%clk 0:20:10]} 5. Nc3 {[%clk 0:20:14]} g6 {[%clk 0:20:10]}
6. Bd3 {[%clk 0:20:05]} Bg7 7. O-O O-O {[%clk 0:19:22]} 8. h3 {[%clk 0:20:01]}
Nc6 {[%clk 0:19:19]} 9. Be3 {[%clk 0:19:57]} Bd7 {[%clk 0:19:07]} 10. Re1
{[%clk 0:19:48]} a6 {[%clk 0:18:36]} 11. a3 {[%clk 0:19:42]} Nxd4
{[%clk 0:17:47]} 12. Bxd4 {[%clk 0:19:13]} Bc6 {[%clk 0:17:21]} 13. Rb1
{[%clk 0:18:48]} d5 {[%clk 0:16:29]} 14. Kh1 {[%clk 0:16:49]} dxe4
{[%clk 0:15:48]} 15. Bxe4 {[%clk 0:16:30]} Nxe4 {[%clk 0:14:46]} 16. Nxe4
{[%clk 0:15:07]} Qxd4 {[%clk 0:14:28]} 17. Qxd4 {[%clk 0:14:51]} Bxd4
{[%clk 0:14:30]} 18. f3 {[%clk 0:14:41]} Bxe4 {[%clk 0:14:20]} 19. Rxe4
{[%clk 0:14:38]} Bf6 {[%clk 0:14:23]} 20. b3 {[%clk 0:14:09]} Rac8
{[%clk 0:14:20]} 21. c4 {[%clk 0:14:05]} b5 {[%clk 0:14:07]} 22. cxb5
{[%clk 0:13:43]} axb5 {[%clk 0:14:07]} 23. a4 {[%clk 0:13:31]} Rb8
{[%clk 0:13:59]} 24. Rc1 {[%clk 0:12:29]} bxa4 {[%clk 0:13:56]} 25. bxa4
{[%clk 0:12:26]} Rfc8 {[%clk 0:13:56]} 26. Rxc8+ {[%clk 0:12:19]} Rxc8
{[%clk 0:13:59]} 27. a5 {[%clk 0:12:13]} Ra8 {[%clk 0:13:34]} 28. Ra4
{[%clk 0:12:03]} Ra6 {[%clk 0:13:36]} 29. Kg1 {[%clk 0:11:59]} Bc3
{[%clk 0:13:35]} 30. Kf2 {[%clk 0:11:34]} Rxa5 {[%clk 0:13:34]} 31. Re4
{[%clk 0:11:32]} e6 {[%clk 0:13:25]} 32. g4 {[%clk 0:11:30]} Kg7 {[%clk 0:13:21]}
33. f4 {[%clk 0:11:32]} Kf6 {[%clk 0:13:17]} 34. h4 {[%clk 0:11:29]} h5
{[%clk 0:13:13]} 35. Kg3 {[%clk 0:11:08]} Ra3 {[%clk 0:13:02]} 36. gxh5
{[%clk 0:10:55]} gxh5 {[%clk 0:13:02]} 37. Re3 {[%clk 0:10:35]} Be1+
{[%clk 0:12:35]} 38. Kf3 {[%clk 0:10:25]} Rxe3+ {[%clk 0:12:38]} 39. Kxe3
{[%clk 0:10:28]} Bxh4 {[%clk 0:12:40]} 40. Kf3 {[%clk 0:10:28]} Kf5
{[%clk 0:12:43]} 41. Ke3 {[%clk 0:10:30]} Kg4 {[%clk 0:12:42]} 42. Ke4
{[%clk 0:10:30]} Bg3 {[%clk 0:12:42]} 0-1

[Event "MCR mladeze v rapidu 2019"]
[Site "Trest"]
[Date "2019.09.07"]
[Round "2"]
[White "Delgerdalai, Bayarjavkhlan"]
[Black "Zelba, Lukas"]
[Result "0-1"]
[BlackElo "1656"]
[WhiteElo "1491"]
[LiveChessVersion "1.4.8"]

1. e4 {[%clk 0:20:07]} e6 {[%clk 0:20:09]} 2. d4 {[%clk 0:20:10]} d5
{[%clk 0:20:13]} 3. exd5 {[%clk 0:20:09]} exd5 {[%clk 0:20:17]} 4. Bd3
{[%clk 0:20:07]} Be6 {[%clk 0:20:17]} 5. Nf3 {[%clk 0:19:57]} Nf6
{[%clk 0:20:18]} 6. c3 {[%clk 0:19:54]} Bd6 {[%clk 0:19:48]} 7. O-O
{[%clk 0:19:45]} O-O {[%clk 0:19:36]} 8. Bg5 {[%clk 0:19:17]} h6 {[%clk 0:19:31]}
9. Bh4 {[%clk 0:19:15]} Nbd7 {[%clk 0:19:30]} 10. Nbd2 {[%clk 0:19:12]} c6
{[%clk 0:19:32]} 11. Qc2 {[%clk 0:19:00]} Qc7 {[%clk 0:19:11]} 12. Rfe1
{[%clk 0:18:32]} Rfe8 {[%clk 0:18:54]} 13. b3 {[%clk 0:17:39]} g5
{[%clk 0:16:25]} 14. Bg3 {[%clk 0:17:21]} Bxg3 {[%clk 0:16:00]} 15. fxg3
{[%clk 0:16:48]} c5 {[%clk 0:16:02]} 16. Rac1 {[%clk 0:16:07]} Rac8
{[%clk 0:15:30]} 17. Qb2 {[%clk 0:13:30]} c4 {[%clk 0:13:41]} 18. Bb1
{[%clk 0:12:29]} b5 {[%clk 0:13:27]} 19. b4 {[%clk 0:10:49]} Nb6 {[%clk 0:12:48]}
20. Bc2 {[%clk 0:10:16]} Re7 {[%clk 0:11:21]} 21. Re2 {[%clk 0:08:45]} Rce8
{[%clk 0:11:14]} 22. Rce1 {[%clk 0:08:39]} Bg4 {[%clk 0:10:53]} 23. Rxe7
{[%clk 0:07:40]} Rxe7 {[%clk 0:10:54]} 24. Rxe7 {[%clk 0:07:20]} Qxe7
{[%clk 0:10:55]} 25. Ne5 {[%clk 0:06:41]} Nbd7 {[%clk 0:09:46]} 26. Ndf3
{[%clk 0:03:10]} Bxf3 {[%clk 0:09:33]} 27. gxf3 {[%clk 0:01:48]} Nxe5
{[%clk 0:09:29]} 28. dxe5 {[%clk 0:01:47]} Qxe5 {[%clk 0:09:32]} 29. Kf2
{[%clk 0:01:40]} Kg7 {[%clk 0:08:51]} 30. a4 {[%clk 0:01:10]} a6 {[%clk 0:08:39]}
31. a5 {[%clk 0:00:52]} g4 {[%clk 0:08:29]} 32. Bd1 {[%clk 0:00:34]} gxf3
{[%clk 0:08:17]} 33. Bxf3 {[%clk 0:00:36]} Ne4+ {[%clk 0:08:21]} 34. Bxe4
{[%clk 0:00:28]} Qxe4 {[%clk 0:08:25]} 35. Qd2 {[%clk 0:00:22]} Kg6
{[%clk 0:07:54]} 36. h3 {[%clk 0:00:26]} f6 {[%clk 0:07:33]} 37. h4
{[%clk 0:00:25]} f5 {[%clk 0:07:34]} 38. Qd1 {[%clk 0:00:23]} Kf6
{[%clk 0:05:48]} 39. Qd2 {[%clk 0:00:26]} Kg7 {[%clk 0:05:28]} 40. Qd1
{[%clk 0:00:30]} Kg6 {[%clk 0:05:27]} 41. Qd2 {[%clk 0:00:31]} Qh1
{[%clk 0:04:58]} 42. Ke3 {[%clk 0:00:17]} f4+ {[%clk 0:03:58]} 0-1

[Event "MCR mladeze v rapidu 2019"]
[Site "Trest"]
[Date "2019.09.07"]
[Round "2"]
[White "Juhanak, Daniel"]
[Black "Bartak, Josef"]
[Result "1-0"]
[BlackElo "1493"]
[WhiteElo "1635"]
[LiveChessVersion "1.4.8"]

1. d4 {[%clk 0:20:07]} d5 {[%clk 0:20:07]} 2. Nf3 {[%clk 0:20:09]} Nc6
{[%clk 0:20:08]} 3. g3 {[%clk 0:20:12]} Nf6 {[%clk 0:20:07]} 4. Bg2
{[%clk 0:20:13]} e6 {[%clk 0:20:00]} 5. c4 {[%clk 0:20:16]} Bd6 {[%clk 0:18:33]}
6. O-O {[%clk 0:19:54]} O-O {[%clk 0:18:22]} 7. Nbd2 {[%clk 0:19:16]} b6
{[%clk 0:15:21]} 8. b3 {[%clk 0:15:52]} Bb4 {[%clk 0:12:59]} 9. Bb2
{[%clk 0:14:56]} Ba6 {[%clk 0:11:46]} 10. Rc1 {[%clk 0:10:51]} Na5
{[%clk 0:09:03]} 11. Ne5 {[%clk 0:10:03]} Nd7 {[%clk 0:06:37]} 12. Nxd7
{[%clk 0:03:41]} Qxd7 {[%clk 0:06:36]} 13. Bc3 {[%clk 0:02:09]} Bxc3
{[%clk 0:05:49]} 14. Rxc3 {[%clk 0:02:13]} Rad8 {[%clk 0:05:48]} 15. e3
{[%clk 0:01:39]} b5 {[%clk 0:03:48]} 16. cxb5 {[%clk 0:01:09]} Bxb5
{[%clk 0:03:41]} 17. Re1 {[%clk 0:01:13]} Qd6 {[%clk 0:03:32]} 18. Rc5
{[%clk 0:00:52]} Qb6 {[%clk 0:03:14]} 19. Qc2 {[%clk 0:00:43]} Rc8
{[%clk 0:03:11]} 20. Rc1 {[%clk 0:00:30]} Nc6 {[%clk 0:02:40]} 21. a4
{[%clk 0:00:31]} Nb4 {[%clk 0:02:16]} 22. Qb1 {[%clk 0:00:09]} Bd3
{[%clk 0:02:05]} 23. Qa1 {[%clk 0:00:10]} Bf5 {[%clk 0:01:42]} 24. Bf1
{[%clk 0:00:09]} a5 {[%clk 0:01:26]} 25. Qb2 {[%clk 0:00:08]} c6 {[%clk 0:01:08]}
26. Nf3 Be4 {[%clk 0:00:58]} 27. Ne5 {[%clk 0:00:12]} Qc7 {[%clk 0:00:49]} 28.
Qd2 {[%clk 0:00:07]} f6 {[%clk 0:00:47]} 29. Nd3 {[%clk 0:00:07]} Bxd3
{[%clk 0:00:43]} 30. Bxd3 {[%clk 0:00:10]} e5 {[%clk 0:00:28]} 31. dxe5
{[%clk 0:00:07]} fxe5 {[%clk 0:00:29]} 32. Bb1 {[%clk 0:00:07]} Rcd8
{[%clk 0:00:16]} 33. Qc3 {[%clk 0:00:08]} Qf7 {[%clk 0:00:14]} 34. Qb2
{[%clk 0:00:10]} d4 {[%clk 0:00:10]} 35. Rxe5 {[%clk 0:00:07]} dxe3
{[%clk 0:00:12]} 36. Rxe3 {[%clk 0:00:10]} Rd6 {[%clk 0:00:09]} 37. Qe2
{[%clk 0:00:14]} Qd7 {[%clk 0:00:11]} 38. Re1 {[%clk 0:00:09]} Rd2
{[%clk 0:00:14]} 39. Qh5 {[%clk 0:00:12]} g6 {[%clk 0:00:07]} 40. Qh6
{[%clk 0:00:09]} Rfxf2 {[%clk 0:00:00]} 41. Re8+ Kf7 1-0

[Event "MCR mladeze v rapidu 2019"]
[Site "Trest"]
[Date "2019.09.07"]
[Round "2"]
[White "Stary, Vojtech"]
[Black "Vana, Jan"]
[Result "1/2-1/2"]
[BlackElo "1620"]
[WhiteElo "1460"]
[LiveChessVersion "1.4.8"]

1. e4 d5 2. exd5 Qxd5 3. Nc3 Qa5 4. d4 c6 5. Nf3 Bg4 6. Be2 Nf6 7. O-O e6 8. Bd2
Qb6 9. Na4 Qc7 10. c3 Nbd7 11. b3 Bd6 12. h3 Bh5 13. Nb2 Nd5 14. c4 Nf4 15. Bxf4
Bxf4 16. Nd3 O-O-O 17. Qc2 Bxf3 18. Bxf3 Nf6 19. Nxf4 Qxf4 20. d5 exd5 21. cxd5
Nxd5 22. Rad1 Nb4 23. Qb2 Nd3 24. Qc2 Nb4 1/2-1/2

[Event "MCR mladeze v rapidu 2019"]
[Site "Trest"]
[Date "2019.09.07"]
[Round "2"]
[White "Setina, Vaclav"]
[Black "Belaska, Vaclav"]
[Result "1/2-1/2"]
[BlackElo "1466"]
[WhiteElo "1581"]
[LiveChessVersion "1.4.8"]

1. e4 c5 2. c3 e6 3. d4 d5 4. e5 Nc6 5. Nf3 Qb6 6. Qb3 Nge7 7. Be3 Qxb3 8. axb3
cxd4 9. cxd4 Ng6 10. Nc3 Bb4 11. Bb5 Bd7 12. Bxc6 Bxc6 13. O-O O-O 14. Na4 Bxa4
15. bxa4 a5 16. Rfc1 Rac8 17. Bd2 Bxd2 18. Nxd2 Nf4 19. Kf1 Nd3 20. Rc3 Nxb2 21.
Rb3 Nc4 22. Nxc4 Rxc4 23. Rxb7 Ra8 24. Rab1 g6 25. Rb8+ Rxb8 26. Rxb8+ Kg7 27.
Ra8 Rxa4 28. f3 Ra2 29. Kg1 a4 30. g4 a3 31. h4 Ra1+ 32. Kg2 a2 33. f4 h5 34. g5
Rd1 35. Rxa2 Rxd4 36. Kg3 Rd3+ 37. Kg2 Kf8 38. Ra7 1/2-1/2

[Event "MCR mladeze v rapidu 2019"]
[Site "Trest"]
[Date "2019.09.07"]
[Round "2"]
[White "Janouskova, Eliska"]
[Black "Buchtova, Viktorie"]
[Result "0-1"]
[BlackElo "1325"]
[WhiteElo "1160"]
[LiveChessVersion "1.4.8"]

1. e4 {[%clk 0:20:07]} e5 {[%clk 0:20:08]} 2. d4 {[%clk 0:20:09]} Nc6
{[%clk 0:19:55]} 3. d5 {[%clk 0:19:48]} Nce7 {[%clk 0:19:35]} 4. Bg5
{[%clk 0:19:24]} f6 {[%clk 0:17:43]} 5. Bh4 {[%clk 0:18:35]} Ng6 {[%clk 0:17:42]}
6. Nf3 {[%clk 0:18:21]} c6 {[%clk 0:17:26]} 7. d6 {[%clk 0:17:52]} Qb6
{[%clk 0:16:29]} 8. Nc3 {[%clk 0:16:22]} Qxb2 {[%clk 0:15:50]} 9. Ne2
{[%clk 0:15:00]} Qb4+ {[%clk 0:15:38]} 10. Qd2 {[%clk 0:14:05]} Bxd6
{[%clk 0:14:54]} 11. Qxb4 {[%clk 0:13:51]} Bxb4+ {[%clk 0:14:56]} 12. Kd1
{[%clk 0:13:27]} d5 {[%clk 0:14:44]} 13. exd5 {[%clk 0:13:14]} cxd5
{[%clk 0:14:45]} 14. Rb1 {[%clk 0:12:59]} Bc5 {[%clk 0:14:42]} 15. Ke1
{[%clk 0:12:29]} e4 {[%clk 0:14:44]} 16. Nfd4 {[%clk 0:11:54]} Nxh4
{[%clk 0:14:29]} 17. Rb5 {[%clk 0:11:07]} Bxd4 {[%clk 0:13:49]} 18. Nxd4
{[%clk 0:11:00]} Ne7 {[%clk 0:13:35]} 19. Rb4 {[%clk 0:09:54]} O-O
{[%clk 0:12:50]} 20. g3 {[%clk 0:09:06]} Nhf5 {[%clk 0:12:30]} 21. Bg2
{[%clk 0:08:24]} Nc6 {[%clk 0:12:06]} 22. Nxc6 {[%clk 0:08:03]} bxc6
{[%clk 0:12:08]} 23. Ke2 {[%clk 0:07:26]} Ba6+ {[%clk 0:11:36]} 24. Kd2
{[%clk 0:06:40]} Bb5 {[%clk 0:10:36]} 25. Rhb1 {[%clk 0:06:03]} Rab8
{[%clk 0:10:29]} 26. Rd1 {[%clk 0:05:39]} Rb6 {[%clk 0:10:12]} 27. Ke1
{[%clk 0:05:15]} Ra6 {[%clk 0:09:34]} 28. Ra1 {[%clk 0:04:31]} e3
{[%clk 0:08:46]} 29. fxe3 {[%clk 0:04:12]} Nxe3 {[%clk 0:08:49]} 30. Rc1
{[%clk 0:02:45]} Nxg2+ {[%clk 0:08:31]} 31. Kf2 {[%clk 0:02:44]} Rxa2
{[%clk 0:08:05]} 32. Kxg2 {[%clk 0:02:41]} Bd3 {[%clk 0:07:23]} 33. Rb7
{[%clk 0:01:24]} Bxc2 {[%clk 0:06:38]} 34. Re1 {[%clk 0:00:41]} Be4+
{[%clk 0:06:21]} 35. Kg1 {[%clk 0:00:29]} Rg2+ {[%clk 0:06:10]} 36. Kf1
{[%clk 0:00:18]} Rxh2 {[%clk 0:05:47]} 0-1

[Event "MCR mladeze v rapidu 2019"]
[Site "Trest"]
[Date "2019.09.07"]
[Round "2"]
[White "Horkova, Tereza"]
[Black "Day, Sophia Olivia"]
[Result "1-0"]
[BlackElo "1159"]
[WhiteElo "1289"]
[LiveChessVersion "1.4.8"]

1. e4 {[%clk 0:15:40]} e5 {[%clk 0:20:02]} 2. Nf3 {[%clk 0:15:43]} Nc6
{[%clk 0:20:05]} 3. Bc4 {[%clk 0:15:47]} Nf6 {[%clk 0:20:07]} 4. Ng5
{[%clk 0:15:51]} d5 {[%clk 0:20:10]} 5. exd5 {[%clk 0:15:54]} Na5
{[%clk 0:20:12]} 6. Bb5+ {[%clk 0:15:58]} c6 {[%clk 0:20:15]} 7. dxc6
{[%clk 0:16:02]} bxc6 {[%clk 0:20:17]} 8. Bd3 {[%clk 0:16:05]} h6
{[%clk 0:18:44]} 9. Ne4 {[%clk 0:16:03]} Nd5 {[%clk 0:18:23]} 10. O-O
{[%clk 0:14:56]} Be7 {[%clk 0:17:44]} 11. b3 {[%clk 0:14:28]} O-O
{[%clk 0:17:17]} 12. Bb2 {[%clk 0:14:21]} Qc7 {[%clk 0:16:17]} 13. Re1
{[%clk 0:13:51]} Re8 {[%clk 0:15:31]} 14. Na3 {[%clk 0:11:39]} Rb8
{[%clk 0:13:11]} 15. Nc4 {[%clk 0:11:14]} Nxc4 {[%clk 0:12:45]} 16. Bxc4
{[%clk 0:11:18]} Nb6 {[%clk 0:11:58]} 17. Bd3 {[%clk 0:11:06]} Qd8
{[%clk 0:09:20]} 18. Bxe5 {[%clk 0:10:45]} Ra8 {[%clk 0:08:48]} 19. Qf3
{[%clk 0:09:52]} Be6 {[%clk 0:06:35]} 20. Qg3 {[%clk 0:08:55]} g6
{[%clk 0:05:06]} 21. Qe3 {[%clk 0:06:57]} Kh7 {[%clk 0:04:33]} 22. Bf4
{[%clk 0:05:04]} Bf8 {[%clk 0:04:20]} 23. Be5 {[%clk 0:04:14]} Nd5
{[%clk 0:03:25]} 24. Qf3 {[%clk 0:03:05]} Qd7 {[%clk 0:02:10]} 25. Nf6+
{[%clk 0:02:34]} Nxf6 {[%clk 0:02:04]} 26. Qxf6 {[%clk 0:02:37]} 1-0

[Event "MCR mladeze v rapidu 2019"]
[Site "Trest"]
[Date "2019.09.07"]
[Round "2"]
[White "Nechvatalova, Eva"]
[Black "Barteckova, Valerie"]
[Result "0-1"]
[BlackElo "1282"]
[WhiteElo "1155"]
[LiveChessVersion "1.4.8"]

1. e4 {[%clk 0:20:08]} e5 {[%clk 0:20:08]} 2. Nf3 {[%clk 0:20:11]} Nc6
{[%clk 0:20:11]} 3. d4 {[%clk 0:20:14]} exd4 {[%clk 0:20:14]} 4. Nxd4
{[%clk 0:20:16]} Be7 {[%clk 0:19:52]} 5. Nxc6 {[%clk 0:20:10]} bxc6
{[%clk 0:19:56]} 6. Nc3 {[%clk 0:20:11]} d6 {[%clk 0:19:56]} 7. Bc4
{[%clk 0:20:04]} Nf6 {[%clk 0:19:57]} 8. O-O {[%clk 0:20:03]} O-O
{[%clk 0:19:47]} 9. Bg5 {[%clk 0:19:59]} d5 {[%clk 0:19:34]} 10. exd5
{[%clk 0:19:56]} cxd5 {[%clk 0:19:33]} 11. Nxd5 {[%clk 0:19:24]} Be6
{[%clk 0:18:59]} 12. Nxe7+ {[%clk 0:19:09]} Qxe7 {[%clk 0:18:58]} 13. Bxe6
{[%clk 0:19:00]} fxe6 {[%clk 0:18:55]} 14. Re1 {[%clk 0:18:39]} h6
{[%clk 0:18:51]} 15. Bf4 {[%clk 0:18:23]} Qf7 {[%clk 0:18:45]} 16. Qe2
{[%clk 0:17:59]} Rae8 {[%clk 0:18:32]} 17. Be5 {[%clk 0:17:08]} Nd5
{[%clk 0:17:55]} 18. c4 {[%clk 0:16:30]} Nb6 {[%clk 0:17:22]} 19. c5
{[%clk 0:16:07]} Nd5 {[%clk 0:17:19]} 20. Red1 {[%clk 0:15:20]} Qe7
{[%clk 0:16:27]} 21. Qg4 {[%clk 0:14:33]} Rf5 {[%clk 0:15:57]} 22. Rxd5
{[%clk 0:12:23]} exd5 {[%clk 0:15:36]} 23. Qxf5 {[%clk 0:12:19]} Qxe5
{[%clk 0:15:14]} 24. Qxe5 {[%clk 0:12:18]} Rxe5 {[%clk 0:15:18]} 25. f4
{[%clk 0:12:14]} Re2 {[%clk 0:15:13]} 26. b4 {[%clk 0:12:08]} Rb2
{[%clk 0:15:09]} 27. Rd1 {[%clk 0:11:38]} Rxb4 {[%clk 0:14:43]} 28. Rxd5
{[%clk 0:11:39]} Rb1+ {[%clk 0:14:33]} 29. Kf2 {[%clk 0:11:38]} Rb2+
{[%clk 0:14:34]} 30. Kg3 {[%clk 0:11:27]} Rxa2 {[%clk 0:13:57]} 31. Rd7
{[%clk 0:11:25]} Ra3+ {[%clk 0:13:58]} 32. Kg4 {[%clk 0:11:16]} Rc3
{[%clk 0:13:50]} 33. Rxc7 {[%clk 0:11:11]} a5 {[%clk 0:13:41]} 34. h4
{[%clk 0:10:47]} a4 {[%clk 0:13:36]} 35. Ra7 {[%clk 0:10:45]} a3 {[%clk 0:13:36]}
36. c6 {[%clk 0:10:46]} Rxc6 {[%clk 0:13:28]} 37. Rxa3 {[%clk 0:10:49]} Rg6+
{[%clk 0:13:25]} 38. Kf3 {[%clk 0:10:44]} Kh7 {[%clk 0:13:22]} 39. g4
{[%clk 0:10:40]} Rc6 {[%clk 0:13:14]} 40. g5 {[%clk 0:10:30]} Rc1
{[%clk 0:13:10]} 41. gxh6 {[%clk 0:10:22]} Kxh6 {[%clk 0:12:59]} 42. Ra6+
{[%clk 0:10:09]} Kh7 {[%clk 0:12:58]} 43. Kg4 {[%clk 0:10:06]} Rg1+
{[%clk 0:13:00]} 44. Kh5 {[%clk 0:10:02]} Rg3 {[%clk 0:12:50]} 45. Ra5
{[%clk 0:09:26]} g6# 0-1

[Event "MCR mladeze v rapidu 2019"]
[Site "Trest"]
[Date "2019.09.07"]
[Round "3"]
[White "Jares, Michal"]
[Black "Frank, Adam"]
[Result "0-1"]
[BlackElo "2371"]
[WhiteElo "1961"]
[LiveChessVersion "1.4.8"]

1. d4 {[%clk 0:20:06]} d6 {[%clk 0:20:10]} 2. e4 {[%clk 0:20:02]} Nf6
{[%clk 0:20:14]} 3. Nc3 {[%clk 0:20:00]} g6 {[%clk 0:20:17]} 4. f4
{[%clk 0:19:32]} Bg7 {[%clk 0:20:18]} 5. Nf3 {[%clk 0:19:32]} O-O
{[%clk 0:20:22]} 6. Bd3 {[%clk 0:19:20]} Nbd7 {[%clk 0:19:34]} 7. O-O
{[%clk 0:19:16]} c5 {[%clk 0:19:33]} 8. e5 {[%clk 0:17:26]} Ne8 {[%clk 0:19:37]}
9. Bc4 {[%clk 0:14:26]} Nb6 {[%clk 0:18:50]} 10. Be2 {[%clk 0:13:55]} cxd4
{[%clk 0:18:26]} 11. Qxd4 {[%clk 0:13:27]} Nc7 {[%clk 0:18:06]} 12. Qd1
{[%clk 0:12:57]} Be6 {[%clk 0:16:25]} 13. exd6 {[%clk 0:12:04]} Qxd6
{[%clk 0:15:40]} 14. Qxd6 {[%clk 0:11:47]} exd6 {[%clk 0:15:43]} 15. Rd1
{[%clk 0:10:49]} Rad8 {[%clk 0:14:03]} 16. Be3 {[%clk 0:09:55]} Ncd5
{[%clk 0:13:45]} 17. Nxd5 {[%clk 0:08:41]} Nxd5 {[%clk 0:13:49]} 18. Bd4
{[%clk 0:07:33]} Nxf4 {[%clk 0:13:42]} 19. Bf1 {[%clk 0:07:18]} Rfe8
{[%clk 0:12:51]} 20. Bxg7 {[%clk 0:06:17]} Kxg7 {[%clk 0:12:54]} 21. Rd4
{[%clk 0:06:05]} Nd5 {[%clk 0:12:27]} 22. Re1 {[%clk 0:05:25]} Ne7
{[%clk 0:11:27]} 23. Ra4 {[%clk 0:04:27]} a6 {[%clk 0:11:15]} 24. Nd4
{[%clk 0:03:34]} Nf5 {[%clk 0:10:34]} 25. Nxe6+ {[%clk 0:03:06]} fxe6
{[%clk 0:10:28]} 26. Rb4 {[%clk 0:02:50]} Re7 {[%clk 0:09:54]} 27. Rbe4
{[%clk 0:02:18]} e5 {[%clk 0:09:30]} 28. a4 {[%clk 0:01:46]} Kf6 {[%clk 0:09:12]}
29. Rb4 {[%clk 0:01:19]} Nd4 {[%clk 0:08:35]} 30. Bd3 {[%clk 0:01:04]} d5
{[%clk 0:08:18]} 31. Rb6+ {[%clk 0:00:46]} Kg5 {[%clk 0:07:49]} 32. c3
{[%clk 0:00:25]} Nf5 {[%clk 0:07:49]} 33. a5 {[%clk 0:00:14]} e4 {[%clk 0:07:30]}
34. Bc2 {[%clk 0:00:15]} e3 {[%clk 0:06:07]} 35. Bxf5 {[%clk 0:00:15]} gxf5
{[%clk 0:06:07]} 36. Kf1 {[%clk 0:00:11]} d4 {[%clk 0:05:53]} 37. cxd4
{[%clk 0:00:11]} Rxd4 {[%clk 0:05:57]} 38. Rb3 {[%clk 0:00:10]} Kf4
{[%clk 0:05:54]} 39. Rb6 {[%clk 0:00:08]} Rd2 {[%clk 0:05:45]} 40. b4
{[%clk 0:00:09]} Rc7 {[%clk 0:03:24]} 41. g3+ {[%clk 0:00:10]} Kf3
{[%clk 0:03:19]} 42. Re6 {[%clk 0:00:14]} Rc3 {[%clk 0:03:23]} 43. Re5
{[%clk 0:00:14]} Rxh2 {[%clk 0:03:05]} 44. Rxf5+ {[%clk 0:00:16]} Kxg3
{[%clk 0:03:03]} 45. Rg5+ {[%clk 0:00:17]} Kf4 {[%clk 0:03:07]} 46. Rg7
{[%clk 0:00:14]} Rcc2 {[%clk 0:02:53]} 47. Rf7+ {[%clk 0:00:14]} Kg5
{[%clk 0:02:57]} 48. Rg7+ {[%clk 0:00:11]} Kf6 {[%clk 0:02:59]} 49. Rg8
{[%clk 0:00:11]} Rh1+ {[%clk 0:03:01]} 50. Rg1 {[%clk 0:00:14]} Rf2# 0-1

[Event "MCR mladeze v rapidu 2019"]
[Site "Trest"]
[Date "2019.09.07"]
[Round "3"]
[White "Jun, Rudolf"]
[Black "Hak, David"]
[Result "1/2-1/2"]
[BlackElo "1926"]
[WhiteElo "2209"]
[LiveChessVersion "1.4.8"]

1. e4 e6 2. d4 d5 3. Nd2 a6 4. Ngf3 c5 5. exd5 exd5 6. c3 Nf6 7. Bd3 cxd4 8. Nxd4
Nc6 9. O-O Nxd4 10. cxd4 Bd6 11. Re1+ Be6 12. Nf3 O-O 13. Ne5 Nd7 14. Qh5 g6 15.
Qh6 Re8 16. Nxg6 hxg6 17. Bxg6 fxg6 18. Qxg6+ Kh8 19. Bg5 Qb6 20. Qh6+ Kg8 21.
Qg6+ Kh8 22. Qh6+ Kg8 23. Qg6+ Kh8 24. Qh5+ Kg8 25. Qg6+ Kh8 1/2-1/2

[Event "MCR mladeze v rapidu 2019"]
[Site "Trest"]
[Date "2019.09.07"]
[Round "3"]
[White "Petricek, Lukas"]
[Black "Mach, Petr"]
[Result "0-1"]
[BlackElo "1911"]
[WhiteElo "2023"]
[LiveChessVersion "1.4.8"]

1. e4 {[%clk 0:20:08]} d5 {[%clk 0:20:10]} 2. exd5 {[%clk 0:20:11]} Nf6
{[%clk 0:20:14]} 3. c4 {[%clk 0:20:10]} e6 {[%clk 0:20:14]} 4. dxe6
{[%clk 0:19:42]} Bxe6 {[%clk 0:20:18]} 5. d4 {[%clk 0:19:40]} Bb4+
{[%clk 0:20:22]} 6. Bd2 {[%clk 0:19:28]} Bxd2+ {[%clk 0:20:26]} 7. Qxd2
{[%clk 0:19:25]} Qe7 {[%clk 0:20:29]} 8. Be2 {[%clk 0:16:23]} Bxc4
{[%clk 0:20:07]} 9. Nc3 {[%clk 0:16:26]} O-O {[%clk 0:17:24]} 10. O-O-O
{[%clk 0:16:25]} Bxe2 {[%clk 0:17:21]} 11. Ngxe2 {[%clk 0:16:21]} Nc6
{[%clk 0:16:03]} 12. d5 {[%clk 0:13:25]} Nb4 {[%clk 0:12:24]} 13. Nf4
{[%clk 0:11:20]} Qc5 {[%clk 0:09:06]} 14. a3 {[%clk 0:08:20]} Na2+
{[%clk 0:08:44]} 15. Kb1 {[%clk 0:08:03]} Nxc3+ {[%clk 0:08:27]} 16. Qxc3
{[%clk 0:08:01]} Qxc3 {[%clk 0:08:04]} 17. bxc3 {[%clk 0:08:04]} Ne4
{[%clk 0:08:08]} 18. Rd4 {[%clk 0:06:19]} Nxc3+ {[%clk 0:08:10]} 19. Kc2
{[%clk 0:06:20]} Nb5 {[%clk 0:08:13]} 20. Rb4 {[%clk 0:06:01]} Nd6
{[%clk 0:08:09]} 21. Kd3 {[%clk 0:05:58]} a5 {[%clk 0:07:23]} 22. Rb3
{[%clk 0:05:45]} a4 {[%clk 0:06:44]} 23. Rb4 {[%clk 0:05:31]} Ra5
{[%clk 0:06:20]} 24. Kd4 {[%clk 0:05:05]} Re8 {[%clk 0:05:24]} 25. f3
{[%clk 0:04:43]} Nf5+ {[%clk 0:04:30]} 26. Kd3 {[%clk 0:02:06]} g5
{[%clk 0:04:00]} 27. Nh5 {[%clk 0:01:55]} Rxd5+ {[%clk 0:03:17]} 28. Kc3
{[%clk 0:01:01]} Re3+ {[%clk 0:02:54]} 29. Kc2 {[%clk 0:00:54]} Re2+
{[%clk 0:02:49]} 30. Kb1 {[%clk 0:00:46]} Rd3 {[%clk 0:01:50]} 31. Rxa4
{[%clk 0:00:41]} h6 {[%clk 0:01:32]} 32. Rg1 {[%clk 0:00:07]} Rdd2
{[%clk 0:01:01]} 33. Rg4 {[%clk 0:00:06]} Nd4 {[%clk 0:00:52]} 34. h4
{[%clk 0:00:06]} Rb2+ {[%clk 0:00:55]} 35. Kc1 {[%clk 0:00:10]} Nb3+
{[%clk 0:00:59]} 36. Kd1 {[%clk 0:00:13]} Rbd2# {[%clk 0:01:02]} 0-1

[Event "MCR mladeze v rapidu 2019"]
[Site "Trest"]
[Date "2019.09.07"]
[Round "3"]
[White "Kures, Michael"]
[Black "Dudek, Vojtech"]
[Result "1/2-1/2"]
[BlackElo "1983"]
[WhiteElo "1944"]
[LiveChessVersion "1.4.8"]

1. e4 {[%clk 0:20:08]} c5 {[%clk 0:20:08]} 2. Nc3 {[%clk 0:20:10]} e6
{[%clk 0:20:11]} 3. f4 {[%clk 0:20:08]} Nc6 {[%clk 0:20:13]} 4. Bb5
{[%clk 0:20:09]} Nge7 {[%clk 0:20:16]} 5. Nf3 {[%clk 0:20:06]} g6
{[%clk 0:19:48]} 6. d3 {[%clk 0:19:58]} Bg7 {[%clk 0:19:49]} 7. O-O
{[%clk 0:19:58]} d6 {[%clk 0:19:50]} 8. Bxc6+ {[%clk 0:19:49]} Nxc6
{[%clk 0:19:46]} 9. Ne2 {[%clk 0:18:06]} O-O {[%clk 0:19:44]} 10. c3
{[%clk 0:18:04]} d5 {[%clk 0:17:53]} 11. e5 {[%clk 0:17:33]} d4 {[%clk 0:17:26]}
12. cxd4 {[%clk 0:16:53]} cxd4 {[%clk 0:17:20]} 13. b3 {[%clk 0:16:49]} f6
{[%clk 0:16:32]} 14. exf6 {[%clk 0:16:04]} Bxf6 {[%clk 0:16:33]} 15. Ng3
{[%clk 0:15:58]} e5 {[%clk 0:15:15]} 16. Ne4 {[%clk 0:15:36]} Bf5
{[%clk 0:12:09]} 17. Nxf6+ {[%clk 0:12:04]} Qxf6 {[%clk 0:12:10]} 18. fxe5
{[%clk 0:12:07]} Nxe5 {[%clk 0:12:11]} 19. Nxd4 {[%clk 0:07:25]} Nf3+
{[%clk 0:11:40]} 20. Rxf3 {[%clk 0:07:24]} Qxd4+ {[%clk 0:11:41]} 21. Be3
{[%clk 0:07:26]} Qxd3 {[%clk 0:10:57]} 22. Qxd3 {[%clk 0:07:30]} Bxd3
{[%clk 0:11:00]} 23. Rxf8+ {[%clk 0:07:30]} Kxf8 {[%clk 0:10:57]} 24. Rd1
{[%clk 0:07:32]} Bf5 {[%clk 0:10:49]} 25. Rc1 {[%clk 0:07:19]} Re8
{[%clk 0:07:36]} 26. Kf2 {[%clk 0:07:00]} b6 {[%clk 0:07:30]} 27. Rc7
{[%clk 0:07:03]} Re7 {[%clk 0:07:24]} 28. Rxe7 {[%clk 0:07:03]} 1/2-1/2